000 00846nam a22002174a 4500
005 20250904125525.0
010 _aB-770242-270 ENG-146776 BACEN25
020 _a9789395116824
_c1625.00
035 _aB-770242-270
035 _aEN-130308
037 _bVrinda
037 _bDBAD
_aDPL
082 _a000
_219
245 _aUniversal’s Guide to Judicial Service Examination/
250 _a19
260 _aHaryana
_bLexis Nexis
_c2022
270 _a14th Floor, Building No. 10, Tower-B, DLF Cyber City, Phase-II, Gurgaon
_bHaryana
_e122002
300 _axliv,1546p. :
_c23cm(pb)
942 _2ddc
_cEN
_mUNI
_h000
_e19
999 _c209150
_d209150